000 00616nam a2200229Ia 4500
003 OSt
005 20220928110408.0
006 a|||||r|||| 00| 0
007 ta
008 220927b |||||||| |||| 00| 0 eng d
024 _a44258
037 _cTextual
040 _aSDCL
_cSDCL
_beng
041 _2eng
_aeng
082 _aO152,1N:g, K8
100 _aSaxsena Dwarika Prasad
_9419358
245 0 _aHindi ke aadhunik pratinidhi kavi.
260 _aAgra
_bVinod Pustak
_c1968
300 _a475p
_ccm.
942 _hO152,1N:g, K8
_cTEXL
_2CC
999 _c735417
_d735417